<?xml version="1.0" encoding="UTF-8"?>
<marc:record xmlns:marc="http://www.loc.gov/MARC21/slim">
   <marc:leader>00000nam a2200000 a 4500</marc:leader>
   <marc:datafield ind1="1" ind2=" " tag="100">
      <marc:subfield code="a">Kuhn, Susanne</marc:subfield>
      <marc:subfield code="4">aut</marc:subfield>
      <marc:subfield code="e">Verfasser/-in</marc:subfield>
   </marc:datafield>
   <marc:datafield ind1=" " ind2=" " tag="653">
      <marc:subfield code="a">Softcover / Belletristik/Erzählende Literatur</marc:subfield>
   </marc:datafield>
   <marc:datafield ind1=" " ind2=" " tag="653">
      <marc:subfield code="a">Peter Fabjan</marc:subfield>
   </marc:datafield>
   <marc:datafield ind1=" " ind2=" " tag="653">
      <marc:subfield code="a">Todeskrankheit</marc:subfield>
   </marc:datafield>
   <marc:datafield ind1=" " ind2=" " tag="653">
      <marc:subfield code="a">Thomas Bernhard</marc:subfield>
   </marc:datafield>
   <marc:datafield ind1=" " ind2=" " tag="653">
      <marc:subfield code="a">Ohlsdorf</marc:subfield>
   </marc:datafield>
   <marc:datafield ind1=" " ind2=" " tag="653">
      <marc:subfield code="a">Johannes Freumbichler</marc:subfield>
   </marc:datafield>
   <marc:datafield ind1=" " ind2=" " tag="653">
      <marc:subfield code="a">Herta Bernhard</marc:subfield>
   </marc:datafield>
   <marc:datafield ind1=" " ind2=" " tag="653">
      <marc:subfield code="a">Erzählende Literatur</marc:subfield>
   </marc:datafield>
   <marc:datafield ind1="0" ind2="0" tag="245">
      <marc:subfield code="a">Drei Wochen mit Thomas Bernhard in Torremolinos</marc:subfield>
   </marc:datafield>
   <marc:datafield ind1="0" ind2="0" tag="245">
      <marc:subfield code="b">Eine Reise und ihre Vorgeschichte</marc:subfield>
   </marc:datafield>
   <marc:datafield ind1="0" ind2="0" tag="245">
      <marc:subfield code="c">Kuhn, Susanne</marc:subfield>
   </marc:datafield>
   <marc:datafield ind1=" " ind2="1" tag="264">
      <marc:subfield code="a">S.l.] @</marc:subfield>
      <marc:subfield code="b">Korrektur Verlag</marc:subfield>
      <marc:subfield code="c">2025</marc:subfield>
   </marc:datafield>
   <marc:datafield ind1=" " ind2=" " tag="250">
      <marc:subfield code="a">1. Auflage</marc:subfield>
   </marc:datafield>
   <marc:datafield ind1="1" ind2=" " tag="520">
      <marc:subfield code="a">Dieses Buch ist aber mehr als nur ein Reisebericht.&#xD;
Es ist zunächst eine bewegende Erinnerung an die letzte gemeinsame Zeit mit dem berühmten Halbbruder. Nach der turbulenten Uraufführung von „Heldenplatz“ am Wiener Burgtheater reisten die beiden im November 1988, wenige Monate vor Bernhards Tod, an die Costa del Sol. Susanne Kuhns sensible Darstellung dieser drei Wochen wird durch die Visualisierung von Nicolas Mahler zu einem eindringlichen Bericht aus der letzten Lebensphase des Autors. Mahler, bekannt für seine Graphic Novels nach Werken der Weltliteratur (u.a. von Thomas Bernhard, Robert Musil und Franz Kafka), versteht es, in seinen minimalistischen Zeichnungen die Essenz der geschilderten Momente einzufangen.&#xD;
Ein ausführliches Gespräch mit dem renommierten Bernhard-Experten Manfred Mittermayer erweitert zudem den Blick auf die Familiengeschichte: Erstmals spricht ein weibliches Mitglied dieser besonderen Familie offen über die patriarchalen Strukturen und die Situation der Frauen im Umfeld von Johannes Freumbichler und Thomas Bernhard. Durch die Verbindung von persönlicher Erinnerung, künstlerischer Illustration und biographischer Einordnung wird dieses Buch zu einer unverzichtbaren Lektüre.</marc:subfield>
   </marc:datafield>
   <marc:datafield ind1=" " ind2=" " tag="020">
      <marc:subfield code="a">9783950573701</marc:subfield>
      <marc:subfield code="9">9783950573701</marc:subfield>
   </marc:datafield>
   <marc:datafield ind1=" " ind2=" " tag="020">
      <marc:subfield code="a">3950573704</marc:subfield>
      <marc:subfield code="9">3950573704</marc:subfield>
   </marc:datafield>
   <marc:datafield ind1=" " ind2=" " tag="041">
      <marc:subfield code="a">ger</marc:subfield>
   </marc:datafield>
   <marc:datafield ind1=" " ind2=" " tag="300">
      <marc:subfield code="a">144 Seiten</marc:subfield>
   </marc:datafield>
</marc:record>
